Fictional Talking Animals - Statistics

General Stats
  • This quiz has been taken 31 times
  • The average score is 17 of 20
Answer Stats
Picture Answer % Correct
Bambi
100%
Donald Duck
100%
Scooby Doo
100%
Bugs Bunny
97%
Dumbo
97%
Goofy
97%
Mickey Mouse
97%
Daffy Duck
93%
Donkey
93%
Peppa Pig
93%
Winnie The Pooh
93%
Mufasa
90%
Baloo
86%
Brian
79%
Scrappy Doo
79%
The Cowardly Lion
72%
Aslan
66%
Sandy Cheeks
66%
Rocket Raccoon
62%
Pelly
17%
No matching quizzes found
Score Distribution
Percent of People with Each Score
Percentile by Number Answered
Your Score History
You have not taken this quiz